000 00773nas a2200265 4500
001 BR0303961
003 BR-BrBNA
005 20231205103941.0
007 ta
008 230509b bl.|||p| |||| 00| 00por d
040 _aBR-BrBNA
_bpor
_cBiblioteca Nacional de Agricultura
041 _a(Pt)
072 _aU10; Q02
100 1 _aBrod, F.P.R.
100 1 _aPark, K.J.
100 1 _aOliveira, R.A. de
245 1 _aModelos matemáticos para representar a secagem de raiz de chicória
650 _aCHICÓRIA
650 _aSECAGEM
650 _aMODELO MATEMÁTICO
650 _aRAIZ
773 0 _tEngenharia Agrícola (Brazil)
_xISSN 0100-6916
_g(May-Aug 2003), v. 23(2) p. 354-363
_wBR0303961
909 _a202311
_bLúcia
_c55
_dLúcia Elande
942 _2AGRIS
_n0
_cANA
999 _c175605
_d175605